<?xml version="1.0" encoding="UTF-8"?>
<record
    xmlns:xsi="http://www.w3.org/2001/XMLSchema-instance"
    xsi:schemaLocation="http://www.loc.gov/MARC21/slim http://www.loc.gov/standards/marcxml/schema/MARC21slim.xsd"
    xmlns="http://www.loc.gov/MARC21/slim">

  <leader>00461    a2200157   4500</leader>
  <datafield tag="952" ind1=" " ind2=" ">
    <subfield code="0">0</subfield>
    <subfield code="1">0</subfield>
    <subfield code="2">ddc</subfield>
    <subfield code="4">0</subfield>
    <subfield code="7">0</subfield>
    <subfield code="8">HISTORY</subfield>
    <subfield code="a">MES</subfield>
    <subfield code="b">MES</subfield>
    <subfield code="c">ISL</subfield>
    <subfield code="d">2023-03-22</subfield>
    <subfield code="e">56</subfield>
    <subfield code="g">400.00</subfield>
    <subfield code="l">8</subfield>
    <subfield code="m">13</subfield>
    <subfield code="o">954.84 KUT/M</subfield>
    <subfield code="p">42039</subfield>
    <subfield code="r">2025-08-16 12:14:12</subfield>
    <subfield code="s">2025-07-18</subfield>
    <subfield code="v">400.00</subfield>
    <subfield code="w">2023-03-22</subfield>
    <subfield code="y">BK</subfield>
    <subfield code="z">GL44R3</subfield>
  </datafield>
  <datafield tag="999" ind1=" " ind2=" ">
    <subfield code="c">41830</subfield>
    <subfield code="d">41830</subfield>
  </datafield>
  <controlfield tag="003">OSt</controlfield>
  <controlfield tag="005">20230225123641.0</controlfield>
  <controlfield tag="008">230225b           ||||| |||| 00| 0 eng d</controlfield>
  <datafield tag="020" ind1=" " ind2=" ">
    <subfield code="a">9789391560249</subfield>
  </datafield>
  <datafield tag="040" ind1=" " ind2=" ">
    <subfield code="c">oclc</subfield>
  </datafield>
  <datafield tag="082" ind1=" " ind2=" ">
    <subfield code="a">954.84</subfield>
    <subfield code="b">KUT/M</subfield>
  </datafield>
  <datafield tag="245" ind1=" " ind2=" ">
    <subfield code="a">Malabar navodhanthinte andhardharakal</subfield>
    <subfield code="c">T V Abdu Rahiman Kutty</subfield>
  </datafield>
  <datafield tag="260" ind1=" " ind2=" ">
    <subfield code="a">Kerala:</subfield>
    <subfield code="b">IPB books,</subfield>
    <subfield code="c">2022</subfield>
  </datafield>
  <datafield tag="300" ind1=" " ind2=" ">
    <subfield code="a">331 pages</subfield>
  </datafield>
  <datafield tag="942" ind1=" " ind2=" ">
    <subfield code="2">ddc</subfield>
    <subfield code="c">BK</subfield>
    <subfield code="h">954.84</subfield>
    <subfield code="i">KUT/M</subfield>
    <subfield code="k">954.84</subfield>
    <subfield code="m">KUT/M</subfield>
  </datafield>
</record>
